[Event "European Individual Chess Championship "]
[Site "Reykjavik, Iceland"]
[Date "2021.08.26"]
[Round "1.46"]
[White "Domalchuk-Jonasson, Aleksandr"]
[Black "Dragnev, Valentin"]
[Result "1/2-1/2"]
[WhiteElo "2052"]
[BlackElo "2557"]
[PlyCount "88"]
[EventDate "2021.08.26"]

1. d4 Nf6 2. c4 e6 3. Nc3 Bb4 4. e3 O-O 5. Bd3 d5 6. Nf3 b6 7. O-O c5 8. cxd5
exd5 9. dxc5 bxc5 10. Qc2 Nbd7 11. Rd1 Bb7 12. b3 Re8 13. Be2 d4 14. Na4 Rc8
15. a3 Ba5 16. Qa2 Qe7 17. b4 Bd5 18. Qb2 Rb8 19. Qc2 cxb4 20. axb4 Rec8 21.
Qf5 Bxb4 22. Nxd4 Be4 23. Qg5 h6 24. Qg3 Ne5 25. Bb2 Bd6 26. Qh3 g6 27. f3 Ba8
28. Qxh6 Rd8 29. Rac1 Ba3 30. Bxa3 Qxa3 31. Nc5 Nd5 32. Nd3 Re8 33. Nxe5 Rxe5
34. e4 Nc3 35. Bc4 Nxd1 36. Qxg6+ Kh8 37. Qh6+ Kg8 38. Qg6+ Kh8 39. Qf6+ Kh7
40. Qxf7+ Kh8 41. Qf6+ Kh7 42. Qf7+ Kh8 43. Qf6+ Kh7 44. Qf7+ Kh8 1/2-1/2

[Event "European Individual Chess Championship "]
[Site "Reykjavik, Iceland"]
[Date "2021.08.26"]
[Round "1.47"]
[White "Sanal, Vahap"]
[Black "Johannsson, Birkir Isak"]
[Result "1-0"]
[WhiteElo "2557"]
[BlackElo "2052"]
[PlyCount "105"]
[EventDate "2021.08.26"]

1. Nf3 d5 2. g3 g6 3. Bg2 Bg7 4. O-O e5 5. d3 Ne7 6. Nc3 O-O 7. e4 d4 8. Ne2 c5
9. Nd2 Nbc6 10. f4 f6 11. Nf3 Be6 12. c3 Kh8 13. c4 Qd7 14. Bd2 a6 15. Qc1 Rae8
16. fxe5 fxe5 17. a3 a5 18. Kh1 Qd6 19. Qc2 h6 20. Neg1 Qd7 21. Qa4 Rb8 22.
Rae1 Kh7 23. Rf2 b6 24. Ref1 Kg8 25. Qc2 Rbe8 26. h4 Nc8 27. Qc1 Kh7 28. Kh2
Nd6 29. Bh3 Nd8 30. b4 axb4 31. axb4 Bxh3 32. Nxh3 Ne6 33. Kg2 Ra8 34. b5 Ra7
35. Nh2 Rxf2+ 36. Rxf2 Qe7 37. Qf1 Ra2 38. Kh1 Qa7 39. Ng1 Ra1 40. Qh3 Qe7 41.
Nhf3 Nf7 42. h5 gxh5 43. Qxh5 Kg8 44. Nh4 Neg5 45. Nf5 Qe6 46. Kg2 Ra3 47. Nh3
Nxh3 48. Qxh3 Kh7 49. Qg4 Bh8 50. Qf3 Ra2 51. Qh5 Bg7 52. g4 Kg8 53. Nxg7 1-0

[Event "European Individual Chess Championship "]
[Site "Reykjavik, Iceland"]
[Date "2021.08.26"]
[Round "1.48"]
[White "Butenandt, Svenja"]
[Black "Bjerre, Jonas Buhl"]
[Result "0-1"]
[WhiteElo "2036"]
[BlackElo "2550"]
[PlyCount "34"]
[EventDate "2021.08.26"]

1. d4 Nf6 2. c4 e6 3. Nc3 Bb4 4. e3 O-O 5. Nge2 Re8 6. a3 Bf8 7. e4 d5 8. e5
Nfd7 9. cxd5 exd5 10. f4 c5 11. Be3 g5 12. Nxd5 cxd4 13. Bxd4 Nc6 14. fxg5 Bg7
15. Bc3 Ndxe5 16. Ndf4 Qxg5 17. Kf2 Ng4+ 0-1

[Event "European Individual Chess Championship "]
[Site "Reykjavik, Iceland"]
[Date "2021.08.26"]
[Round "1.49"]
[White "Kulaots, Kaido"]
[Black "Johannsdottir, Johanna Bjorg"]
[Result "1-0"]
[WhiteElo "2548"]
[BlackElo "2019"]
[PlyCount "53"]
[EventDate "2021.08.26"]

1. e4 c5 2. Nf3 d6 3. d4 cxd4 4. Nxd4 Nf6 5. Nc3 a6 6. Bd3 e5 7. Nde2 Be6 8.
O-O Be7 9. Ng3 O-O 10. Nd5 Nbd7 11. c4 Rb8 12. Nxe7+ Qxe7 13. b3 b5 14. cxb5
axb5 15. b4 d5 16. exd5 Bxd5 17. a3 e4 18. Re1 Qe5 19. Rb1 Qd4 20. Be2 Qa7 21.
Bf4 Rb7 22. Nf5 Ba2 23. Ra1 Qxa3 24. Qd2 Ra7 25. Bxb5 Qb3 26. Bxd7 Nxd7 27. Qd4
1-0

[Event "European Individual Chess Championship "]
[Site "Reykjavik, Iceland"]
[Date "2021.08.26"]
[Round "1.50"]
[White "Pozimski, Szymon"]
[Black "Martinovic, Sasa"]
[Result "0-1"]
[WhiteElo "2019"]
[BlackElo "2548"]
[PlyCount "104"]
[EventDate "2021.08.26"]

1. Nf3 d5 2. d4 Nf6 3. g3 c5 4. Bg2 cxd4 5. O-O h6 6. b3 Nc6 7. Nxd4 e5 8. Nxc6
bxc6 9. c4 Be6 10. Bb2 Qc7 11. cxd5 cxd5 12. Qc1 Bd6 13. Qxc7 Bxc7 14. Nc3 Rc8
15. e3 O-O 16. Rac1 Rfd8 17. Na4 Bd6 18. Nc3 Bb8 19. Ne2 Nd7 20. Rxc8 Rxc8 21.
Rc1 Rxc1+ 22. Nxc1 g5 23. Bf1 Bd6 24. Bb5 f6 25. f3 Kf7 26. Kf2 h5 27. Bc3 g4
28. Bxd7 Bxd7 29. f4 Ke6 30. fxe5 fxe5 31. Nd3 Bb5 32. Ne1 Kf5 33. a4 Ba6 34.
b4 Bc4 35. Ng2 Ke4 36. Ne1 Bb3 37. a5 a6 38. Ke2 Be7 39. Bd2 Bg5 40. Ng2 Bc4+
41. Kf2 Kd3 42. Bc1 d4 43. exd4 Bxc1 44. dxe5 Ke4 45. b5 Bxb5 46. e6 Bg5 47. e7
Bxe7 48. Nf4 h4 49. Ng6 Bc5+ 50. Kg2 h3+ 51. Kh1 Bc6 52. Ne7 Bxe7 0-1

[Event "European Individual Chess Championship "]
[Site "Reykjavik, Iceland"]
[Date "2021.08.26"]
[Round "1.51"]
[White "Van Foreest, Lucas"]
[Black "Van Hoolandt, Patrick"]
[Result "1-0"]
[WhiteElo "2544"]
[BlackElo "2010"]
[PlyCount "60"]
[EventDate "2021.08.26"]

1. e4 e5 2. Nf3 Nc6 3. Bc4 Bc5 4. b4 Bxb4 5. c3 Bd6 6. d4 Nf6 7. O-O O-O 8. Re1
h6 9. Nh4 Nh7 10. Qg4 Kh8 11. Nf5 Qf6 12. f4 exd4 13. Nxd6 cxd6 14. Bb2 d5 15.
Bxd5 d6 16. Qg3 Be6 17. c4 g5 18. fxg5 Qxg5 19. Qf2 Bxd5 20. exd5 Ne5 21. Nd2
f6 22. Ne4 Qg6 23. Rad1 Nxc4 24. Bxd4 Ne5 25. Nxd6 Ng5 26. Kh1 Kh7 27. Nxb7 Rf7
28. Nd6 Rd7 29. Nf5 Ngf7 30. h3 Rg8 {unreadable} 1-0

[Event "European Individual Chess Championship "]
[Site "Reykjavik, Iceland"]
[Date "2021.08.26"]
[Round "1.52"]
[White "Kueng, Nicolas"]
[Black "Hillarp Persson, Tiger"]
[Result "1-0"]
[WhiteElo "2005"]
[BlackElo "2543"]
[PlyCount "81"]
[EventDate "2021.08.26"]

1. d4 e6 2. c4 c5 3. d5 exd5 4. cxd5 d6 5. Nc3 g6 6. e4 Bg7 7. Nge2 Nd7 8. Ng3
a6 9. a4 h5 10. Be2 Nh6 11. O-O Qh4 12. Bxh6 Bxh6 13. Re1 Bg7 14. Nf1 Bd4 15.
Ne3 Bxe3 16. fxe3 Ne5 17. Qd2 O-O 18. Rf1 Rb8 19. Rf4 Qg5 20. Qe1 Bd7 21. Qf2
b5 22. Rf6 b4 23. Nb1 Kg7 24. Rxd6 Qe7 25. Rxa6 c4 26. Ra7 Qc5 27. Ra6 f6 28.
Nd2 Bc8 29. Bxc4 Bxa6 30. Bxa6 Ng4 31. Qe2 Qc2 32. Nf3 Rfc8 33. Nd4 Qxe2 34.
Bxe2 Nxe3 35. Nc6 Ra8 36. Bb5 f5 37. d6 fxe4 38. d7 Rf8 39. Re1 Nd5 40. Rxe4
Nf6 41. Rd4 1-0

[Event "European Individual Chess Championship "]
[Site "Reykjavik, Iceland"]
[Date "2021.08.26"]
[Round "1.53"]
[White "Basso, Pier Luigi"]
[Black "Petursson, Gudni"]
[Result "1-0"]
[WhiteElo "2541"]
[BlackElo "1988"]
[PlyCount "101"]
[EventDate "2021.08.26"]

1. d4 Nf6 2. c4 g6 3. Nc3 d5 4. Qb3 dxc4 5. Qxc4 Bg7 6. e4 O-O 7. Be2 c5 8.
Qxc5 b6 9. Qc4 Bb7 10. f3 Nc6 11. d5 Ne5 12. Qb3 Qc8 13. Nh3 Ba6 14. Bxa6 Qxa6
15. Qb5 Qxb5 16. Nxb5 Rac8 17. Nf2 Rc2 18. Na3 Rcc8 19. Bd2 Nfd7 20. Ke2 f5 21.
Rac1 fxe4 22. Nxe4 Nc5 23. Nxc5 bxc5 24. Bc3 Nd7 25. Bxg7 Kxg7 26. Rhd1 Nb6 27.
d6 exd6 28. Rxd6 Rf4 29. b3 g5 30. g3 Re8+ 31. Kf2 Rf5 32. Nc4 Ref8 33. Rd3
R5f6 34. Nd6 g4 35. f4 Kg6 36. Rxc5 h5 37. Ne4 Re6 38. Rd6 Rxd6 39. Rg5+ Kh6
40. Nxd6 Nc8 41. Nf5+ Kh7 42. Rxh5+ Kg6 43. Rg5+ Kf6 44. Ne3 Nd6 45. Nxg4+ Ke6
46. Re5+ Kd7 47. Ne3 Ra8 48. Nf5 Nxf5 49. Rxf5 a5 50. a4 Rb8 51. Rb5 1-0

[Event "European Individual Chess Championship "]
[Site "Reykjavik, Iceland"]
[Date "2021.08.26"]
[Round "1.54"]
[White "Nielsen, Thomas"]
[Black "Suleymanli, Aydin"]
[Result "0-1"]
[WhiteElo "1953"]
[BlackElo "2536"]
[PlyCount "64"]
[EventDate "2021.08.26"]

1. d4 e6 2. c4 Nf6 3. Nf3 Bb4+ 4. Nbd2 a5 5. a3 Bxd2+ 6. Nxd2 Nc6 7. e3 d6 8.
b3 e5 9. Bb2 O-O 10. Be2 exd4 11. exd4 d5 12. O-O dxc4 13. Nxc4 Be6 14. Bf3 a4
15. Rc1 axb3 16. Ne3 Ne7 17. Bxb7 Rb8 18. Bf3 Ned5 19. Qd2 Nxe3 20. fxe3 Bf5
21. Qa5 Bc2 22. Bd1 Nd5 23. Rf3 Re8 24. Bxc2 bxc2 25. Rxc2 Nxe3 26. Rcf2 Nd1
27. Rf1 Nxb2 28. Rxf7 Qxd4+ 29. Kh1 Nc4 30. Qxc7 Ne3 31. Qd7 Qg4 32. Rc1 Qxg2#
0-1

[Event "European Individual Chess Championship "]
[Site "Reykjavik, Iceland"]
[Date "2021.08.26"]
[Round "1.55"]
[White "Plat, Vojtech"]
[Black "Moller, Agnar T"]
[Result "1-0"]
[WhiteElo "2531"]
[BlackElo "1932"]
[PlyCount "49"]
[EventDate "2021.08.26"]

1. d4 Nf6 2. c4 e6 3. g3 d5 4. Bg2 Bb4+ 5. Nd2 O-O 6. Qc2 b6 7. Ngf3 Bb7 8. O-O
Nbd7 9. a3 Bxd2 10. Bxd2 dxc4 11. Qxc4 c5 12. Rfd1 Rc8 13. dxc5 Nxc5 14. Bg5
Qe7 15. Qf4 Nce4 16. Bh4 Qc5 17. g4 Rfd8 18. Rxd8+ Rxd8 19. Rc1 Qd6 20. Ne5 Rf8
21. Bxf6 gxf6 22. Nd3 Qxf4 23. Nxf4 f5 24. gxf5 exf5 25. Rc7 1-0

[Event "European Individual Chess Championship "]
[Site "Reykjavik, Iceland"]
[Date "2021.08.26"]
[Round "1.56"]
[White "Haraldsson, Haraldur"]
[Black "Valsecchi, Alessio"]
[Result "0-1"]
[WhiteElo "1918"]
[BlackElo "2527"]
[PlyCount "78"]
[EventDate "2021.08.26"]

1. d4 Nf6 2. Nf3 e6 3. c4 d5 4. Nc3 dxc4 5. e3 a6 6. a4 b6 7. Bxc4 Bb7 8. O-O
Nbd7 9. Qe2 Bb4 10. Rd1 O-O 11. Bd2 Qe7 12. Rac1 Rfe8 13. Na2 Bd6 14. Nc3 e5
15. Ng5 Rf8 16. d5 e4 17. f4 exf3 18. Nxf3 Rfe8 19. Rc2 Ng4 20. Re1 Bc5 21. Nd1
Ndf6 22. h3 Nh6 23. Qd3 Rad8 24. b4 Bxb4 25. e4 Bxd2 26. Rxd2 Nxe4 27. Rde2
Qc5+ 28. Kh2 Qd6+ 29. Kg1 f5 30. Nc3 Rf8 31. Nxe4 fxe4 32. Rxe4 Nf5 33. Re5 Bc8
34. Bxa6 Bxa6 35. Qxa6 Qc5+ 36. Kh2 Rxd5 37. Rxd5 Qxd5 38. Re5 Qf7 39. a5 Nd4
0-1

[Event "European Individual Chess Championship "]
[Site "Reykjavik, Iceland"]
[Date "2021.08.26"]
[Round "1.57"]
[White "Petrov, Martin"]
[Black "Heidarsson, Arnar Milutin"]
[Result "1-0"]
[WhiteElo "2521"]
[BlackElo "1916"]
[PlyCount "71"]
[EventDate "2021.08.26"]

1. e4 c5 2. Nf3 d6 3. d4 cxd4 4. Nxd4 Nf6 5. f3 a6 6. c4 Nc6 7. Nc3 e6 8. Be3
Bd7 9. Be2 Be7 10. O-O O-O 11. Qd2 Qc7 12. Rac1 Nxd4 13. Bxd4 b6 14. Rfd1 e5
15. Be3 Rfd8 16. Bg5 Be6 17. Nd5 Bxd5 18. cxd5 Qb7 19. Rc6 Ne8 20. Be3 b5 21.
Rdc1 Rdc8 22. a4 Rxc6 23. dxc6 Qb8 24. a5 Bd8 25. b4 Bc7 26. Bd1 h6 27. Bb3 Qd8
28. g4 Qf6 29. Rf1 Rc8 30. f4 exf4 31. Rxf4 Qa1+ 32. Rf1 Qe5 33. Rxf7 Kh7 34.
Bd4 Qg5 35. Qxg5 hxg5 36. Be6 1-0

[Event "European Individual Chess Championship "]
[Site "Reykjavik, Iceland"]
[Date "2021.08.26"]
[Round "1.58"]
[White "Ragnarsson, Johann"]
[Black "Ferreira, Jorge Viterbo"]
[Result "0-1"]
[WhiteElo "1916"]
[BlackElo "2520"]
[PlyCount "68"]
[EventDate "2021.08.26"]

1. d4 Nf6 2. c4 e6 3. Nc3 Bb4 4. Bg5 c5 5. d5 d6 6. f3 b5 7. e4 O-O 8. Bd3 Nbd7
9. a3 Bxc3+ 10. bxc3 bxc4 11. dxe6 fxe6 12. Bxc4 Ne5 13. Be2 d5 14. f4 Nf7 15.
exd5 exd5 16. Nf3 Nxg5 17. Nxg5 h6 18. Nf3 Ne4 19. Qc2 Qf6 20. Bd3 Qxf4 21. O-O
Qe3+ 22. Kh1 Bf5 23. Rae1 Qxd3 24. Qxd3 Ng3+ 25. hxg3 Bxd3 26. Rf2 Rae8 27. Kg1
Rxe1+ 28. Nxe1 Rxf2 29. Kxf2 Be4 30. Ke3 Kf7 31. c4 Ke6 32. g4 Ke5 33. g3 d4+
34. Ke2 Kf6 0-1

[Event "European Individual Chess Championship "]
[Site "Reykjavik, Iceland"]
[Date "2021.08.26"]
[Round "1.59"]
[White "Hjartarson, Johann"]
[Black "Briem, Benedikt"]
[Result "1-0"]
[WhiteElo "2519"]
[BlackElo "1858"]
[PlyCount "107"]
[EventDate "2021.08.26"]

1. Nf3 Nf6 2. g3 e6 3. Bg2 d5 4. O-O Be7 5. b3 c5 6. c4 d4 7. e3 Nc6 8. exd4
cxd4 9. Re1 O-O 10. d3 h6 11. a3 a5 12. Bb2 Re8 13. Nbd2 Bf8 14. Ne5 Nxe5 15.
Rxe5 Ra6 16. Qc2 Ng4 17. Re2 e5 18. Rae1 Rae6 19. c5 b5 20. cxb6 Qxb6 21. Nc4
Qb5 22. a4 Qa6 23. h3 Nf6 24. Rxe5 Rxe5 25. Rxe5 Rxe5 26. Nxe5 Bf5 27. Bxd4 Qd6
28. Bb2 Nd7 29. Nc4 Bxd3 30. Qc3 Bxc4 31. Qxc4 Qb4 32. Qxb4 Bxb4 33. Kf1 f6 34.
Ke2 Nc5 35. Bd5+ Kf8 36. g4 Ke7 37. Ke3 Nd7 38. f4 Nb6 39. Bg8 Kf8 40. Be6 Ke7
41. f5 Nd7 42. Bxd7 Kxd7 43. Kd4 Kc6 44. Kc4 Bd6 45. Bc3 Bc7 46. b4 axb4 47.
Bxb4 h5 48. Bf8 hxg4 49. hxg4 Bf4 50. Bxg7 Bg5 51. Bf8 Kb6 52. Bb4 Kc6 53. Bc5
Bd2 54. Bd4 1-0

[Event "European Individual Chess Championship "]
[Site "Reykjavik, Iceland"]
[Date "2021.08.26"]
[Round "1.60"]
[White "Gudmundsson, Gunnar Erik"]
[Black "Stefansson, Hannes"]
[Result "0-1"]
[WhiteElo "1844"]
[BlackElo "2519"]
[PlyCount "60"]
[EventDate "2021.08.26"]

1. d4 Nf6 2. c4 e6 3. Nf3 b6 4. g3 Ba6 5. b3 d5 6. cxd5 exd5 7. Bg2 Bb4+ 8. Bd2
Bd6 9. O-O O-O 10. Nc3 Nbd7 11. Nh4 Re8 12. Re1 Bb7 13. Nb5 Bf8 14. Bf4 c6 15.
Nd6 Bxd6 16. Bxd6 Ne4 17. Ba3 Qf6 18. Bxe4 dxe4 19. Qd2 Rad8 20. Bb2 Qe6 21.
Ng2 Nf6 22. Nf4 Qf5 23. e3 g5 24. Ne2 Qh3 25. Nc3 Ng4 26. f3 exf3 27. Nd1 f2+
28. Nxf2 Qxh2+ 29. Kf1 Ba6+ 30. Re2 Qxf2# 0-1

[Event "European Individual Chess Championship "]
[Site "Reykjavik, Iceland"]
[Date "2021.08.26"]
[Round "1.61"]
[White "Steingrimsson, Hedinn"]
[Black "Acevedo Mendez, Lisseth"]
[Result "1-0"]
[WhiteElo "2519"]
[BlackElo "1825"]
[PlyCount "67"]
[EventDate "2021.08.26"]

1. Nf3 Nf6 2. g3 g6 3. c4 Bg7 4. Bg2 O-O 5. O-O d6 6. d4 c6 7. Nc3 Nbd7 8. e4
e5 9. h3 Re8 10. Re1 Qc7 11. Be3 exd4 12. Nxd4 Ne5 13. b3 a6 14. f4 Ned7 15.
Bf2 Rb8 16. Qd2 b5 17. cxb5 axb5 18. Rac1 Ba6 19. Nxc6 Qxc6 20. Nd5 Qxc1 21.
Qxc1 Nxd5 22. exd5 Rec8 23. Qa3 Bb7 24. Qxd6 Nf6 25. Rd1 Ra8 26. Qe7 Rcb8 27.
Rd2 Ra6 28. Qc7 Raa8 29. Ba7 Ne8 30. Qxb8 Rxb8 31. Bxb8 Bc3 32. Rd3 Ba5 33. d6
Bxg2 34. Kxg2 1-0

[Event "European Individual Chess Championship "]
[Site "Reykjavik, Iceland"]
[Date "2021.08.26"]
[Round "1.62"]
[White "Ingason, Sigurdur"]
[Black "Nagy, Gabor"]
[Result "0-1"]
[WhiteElo "1805"]
[BlackElo "2518"]
[PlyCount "56"]
[EventDate "2021.08.26"]

1. c4 c5 2. Nc3 Nf6 3. Nf3 Nc6 4. e3 e5 5. d3 d5 6. cxd5 Nxd5 7. Be2 Nc7 8. O-O
Be7 9. b3 O-O 10. Bb2 Be6 11. Rc1 b6 12. Qc2 Rc8 13. Rfd1 f5 14. Bf1 Bf6 15.
Ne2 Nd5 16. Qb1 Qe8 17. Qa1 Bf7 18. d4 cxd4 19. exd4 e4 20. Ne5 Bg5 21. Rxc6
Rxc6 22. Nxc6 Qxc6 23. Nc3 Rc8 24. Ba6 Nxc3 25. Bxc3 Qxc3 26. Bxc8 Qxc8 27. d5
Bh5 28. f3 exf3 0-1

[Event "European Individual Chess Championship "]
[Site "Reykjavik, Iceland"]
[Date "2021.08.26"]
[Round "1.63"]
[White "Ftacnik, Lubomir"]
[Black "Agustsson, Hafsteinn"]
[Result "1-0"]
[WhiteElo "2513"]
[BlackElo "1803"]
[PlyCount "57"]
[EventDate "2021.08.26"]

1. Nf3 d5 2. d4 e6 3. c4 Nf6 4. Nc3 Be7 5. Bf4 O-O 6. a3 c5 7. dxc5 Bxc5 8. b4
Bd6 9. Bxd6 Qxd6 10. e3 Rd8 11. Qb3 dxc4 12. Bxc4 Nc6 13. Rd1 Qe7 14. Rxd8+
Qxd8 15. O-O a6 16. Qc2 b5 17. Bd3 Bb7 18. Ne4 h6 19. Nc5 Qe7 20. Rc1 Rc8 21.
Qb2 Kf8 22. h3 Kg8 23. Be2 e5 24. Nd2 e4 25. Ndb3 Kf8 26. Rc2 Nd5 27. Nxb7 Qxb7
28. Nc5 Qa7 29. Nxe4 1-0

[Event "European Individual Chess Championship "]
[Site "Reykjavik, Iceland"]
[Date "2021.08.26"]
[Round "1.64"]
[White "Jonsson, Olafur Gisli"]
[Black "Kozak, Adam"]
[Result "0-1"]
[WhiteElo "1800"]
[BlackElo "2504"]
[PlyCount "100"]
[EventDate "2021.08.26"]

1. d4 Nf6 2. Nf3 e6 3. c4 b6 4. a3 Bb7 5. Nc3 g6 6. Bg5 Bg7 7. Qc2 d6 8. Rd1 h6
9. Bh4 Nbd7 10. e4 g5 11. Bg3 Nh5 12. Be2 a6 13. O-O Qe7 14. b4 Nxg3 15. fxg3
g4 16. Nh4 h5 17. d5 Rh6 18. Kh1 Rf6 19. Na4 O-O-O 20. Bd3 Rxf1+ 21. Bxf1 Kb8
22. Nc3 Qf6 23. Ne2 Qb2 24. Qxb2 Bxb2 25. Rd3 Re8 26. Rb3 Bf6 27. Rb1 exd5 28.
exd5 Re4 29. h3 gxh3 30. gxh3 Bxh4 31. gxh4 Rxc4 32. Bg2 Rxh4 33. Rf1 Ne5 34.
Rf5 Bc8 35. Rf4 Rxf4 36. Nxf4 h4 37. Be4 Nc4 38. Kh2 Nd2 39. Bh7 Nf3+ 40. Kg2
Ng5 41. Bd3 a5 42. Bf1 axb4 43. axb4 Ka7 44. Kf2 Ba6 45. b5 Bc8 46. Ke3 Bd7 47.
Kd4 Kb8 48. Ke3 Kc8 49. Kd4 Kd8 50. Ke3 Ke7 0-1

[Event "European Individual Chess Championship "]
[Site "Reykjavik, Iceland"]
[Date "2021.08.26"]
[Round "1.65"]
[White "Blohberger, Felix"]
[Black "Maggason, Oskar"]
[Result "1-0"]
[WhiteElo "2502"]
[BlackElo "1783"]
[PlyCount "65"]
[EventDate "2021.08.26"]

1. e4 e5 2. Nf3 Nc6 3. Bb5 a6 4. Ba4 Nf6 5. O-O b5 6. Bb3 Be7 7. a4 Bb7 8. d3
d6 9. Nc3 b4 10. Nd5 Nxd5 11. Bxd5 Na5 12. Bxb7 Nxb7 13. d4 Bf6 14. dxe5 dxe5
15. Qe2 c5 16. Nd2 Na5 17. Rd1 Nc6 18. c3 Qc7 19. Nc4 O-O 20. Be3 Be7 21. Rd5
Rfd8 22. Rad1 Rxd5 23. exd5 Na5 24. d6 Bxd6 25. Nxd6 Rd8 26. Ne4 Rxd1+ 27. Qxd1
Nc4 28. Qd5 Nb6 29. Qxc5 Qxc5 30. Nxc5 a5 31. cxb4 axb4 32. a5 Nc4 33. a6 1-0

[Event "European Individual Chess Championship "]
[Site "Reykjavik, Iceland"]
[Date "2021.08.26"]
[Round "1.66"]
[White "Tummasarson, Flovin M."]
[Black "Budisavljevic, Luka"]
[Result "0-1"]
[WhiteElo "1764"]
[BlackElo "2495"]
[PlyCount "58"]
[EventDate "2021.08.26"]

1. e4 c5 2. Nf3 Nc6 3. c3 d5 4. exd5 Qxd5 5. d4 Bf5 6. Be3 Nf6 7. Na3 e6 8. Bc4
Qe4 9. Bb3 cxd4 10. cxd4 Bb4+ 11. Kf1 Bxa3 12. bxa3 O-O 13. Rc1 Rfd8 14. Bc2
Qd5 15. Bxf5 Qxf5 16. Qc2 Qa5 17. Qc5 Qa6+ 18. Kg1 Rd5 19. Qc3 Ra5 20. Qb2 Rxa3
21. Rc2 Nd5 22. Bd2 Ra4 23. g3 Ncb4 24. Bxb4 Nxb4 25. Rc7 Rxa2 26. Qxb4 Qe2 27.
Qe1 Qxf3 28. Rc3 Qd5 29. Qc1 Rd8 0-1

[Event "European Individual Chess Championship "]
[Site "Reykjavik, Iceland"]
[Date "2021.08.26"]
[Round "1.67"]
[White "Druska, Juraj"]
[Black "Leifsson, Thorsteinn"]
[Result "1-0"]
[WhiteElo "2493"]
[BlackElo "1709"]
[PlyCount "41"]
[EventDate "2021.08.26"]

1. e4 c5 2. Nf3 d6 3. d4 cxd4 4. Nxd4 Nf6 5. Nc3 a6 6. h3 e6 7. g4 Qc7 8. Be3
Be7 9. Qd2 b5 10. g5 Nfd7 11. a3 Bb7 12. f4 Nc6 13. f5 Nxd4 14. Qxd4 O-O 15.
Rg1 Ne5 16. Be2 Nc6 17. Qd2 Kh8 18. Rf1 Rfd8 19. O-O-O Rac8 20. fxe6 b4 21. Nd5
1-0

[Event "European Individual Chess Championship "]
[Site "Reykjavik, Iceland"]
[Date "2021.08.26"]
[Round "1.68"]
[White "Jonsson, Kristjan Dagur"]
[Black "Sebenik, Matej"]
[Result "0-1"]
[WhiteElo "1706"]
[BlackElo "2492"]
[PlyCount "78"]
[EventDate "2021.08.26"]

1. d4 Nf6 2. c4 g6 3. Nc3 Bg7 4. e4 d6 5. h3 O-O 6. Be3 e5 7. d5 Na6 8. Nge2
Nc5 9. Qc2 c6 10. g4 a5 11. Ng3 Bd7 12. Qd2 a4 13. Bh6 Bxh6 14. Qxh6 cxd5 15.
exd5 Kh8 16. Be2 Ng8 17. Qd2 f5 18. O-O-O Nf6 19. g5 Nfe4 20. Ngxe4 fxe4 21.
Qe3 Qa5 22. h4 a3 23. b3 Rxf2 24. h5 Bf5 25. hxg6 Bxg6 26. Nb5 Qb6 27. Bh5 Rxa2
28. Bxg6 Nd3+ 29. Rxd3 Qxe3+ 30. Rxe3 Ra1+ 31. Kc2 Rxh1 32. Nxa3 Rxa3 33. Bxe4
Rh2+ 34. Kc3 Raa2 35. Rg3 Rae2 36. c5 Rxe4 37. Rf3 dxc5 38. d6 Rd4 39. Rd3
Rxd3+ 0-1

[Event "European Individual Chess Championship "]
[Site "Reykjavik, Iceland"]
[Date "2021.08.26"]
[Round "1.69"]
[White "Kobo, Ori"]
[Black "Hjaltason, Elvar Orn"]
[Result "1-0"]
[WhiteElo "2490"]
[BlackElo "1702"]
[PlyCount "33"]
[EventDate "2021.08.26"]

1. e4 c5 2. Nc3 Nc6 3. Bb5 Nd4 4. Nf3 Nxb5 5. Nxb5 a6 6. Nc3 d6 7. d4 cxd4 8.
Qxd4 Bg4 9. Be3 Bxf3 10. gxf3 Nf6 11. O-O-O g6 12. e5 dxe5 13. Qa4+ b5 14.
Rxd8+ Rxd8 15. Qxa6 Bg7 16. Qxb5+ Nd7 17. Rd1 1-0

[Event "European Individual Chess Championship "]
[Site "Reykjavik, Iceland"]
[Date "2021.08.26"]
[Round "1.70"]
[White "Patt, Zafrir"]
[Black "Maurizzi, Marc Andria"]
[Result "0-1"]
[WhiteElo "1677"]
[BlackElo "2488"]
[PlyCount "59"]
[EventDate "2021.08.26"]

1. e4 c5 2. Nf3 e6 3. d4 cxd4 4. Nxd4 Nc6 5. Nc3 Nf6 6. Bf4 Bb4 7. Ndb5 O-O 8.
Bd6 Bxd6 9. Qxd6 a6 10. Nd4 Ne7 11. Bd3 b5 12. O-O Bb7 13. Rae1 Rc8 14. Qg3 d6
15. Re3 e5 16. Nde2 b4 17. Na4 Ng6 18. f4 Nh5 19. Qg4 Nhxf4 20. Nxf4 Nxf4 21.
Rg3 g6 22. b3 d5 23. exd5 Qxd5 24. Kh1 Qd4 25. Bc4 Nxg2 26. Qxd4 Ne3+ 27. Qd5
Bxd5+ 28. Bxd5 Nxf1 29. Rd3 Rxc2 30. Kg1 0-1

[Event "European Individual Chess Championship "]
[Site "Reykjavik, Iceland"]
[Date "2021.08.26"]
[Round "1.71"]
[White "Vrolijk, Liam"]
[Black "Thorisson, Benedikt"]
[Result "1-0"]
[WhiteElo "2480"]
[BlackElo "1624"]
[PlyCount "47"]
[EventDate "2021.08.26"]

1. c4 e5 2. g3 Nf6 3. Bg2 d5 4. cxd5 Nxd5 5. Nf3 Nc6 6. O-O Be7 7. d4 e4 8. Ne5
f5 9. Nxc6 bxc6 10. Qc2 Bd7 11. Nd2 O-O 12. Nc4 Bf6 13. Rd1 Qe8 14. b3 c5 15.
Bb2 cxd4 16. Bxd4 Nb4 17. Qc3 Bxd4 18. Rxd4 c5 19. Rd2 Bb5 20. a3 Na6 21. Nd6
Qc6 22. Qe5 Rad8 23. Qe6+ Kh8 24. Nf7+ 1-0

[Event "European Individual Chess Championship "]
[Site "Reykjavik, Iceland"]
[Date "2021.08.26"]
[Round "1.72"]
[White "Ragnarsson, Heimir Pall"]
[Black "Gavrilescu, David"]
[Result "0-1"]
[WhiteElo "1619"]
[BlackElo "2477"]
[PlyCount "55"]
[EventDate "2021.08.26"]

1. c4 e6 2. g3 d5 3. Bg2 d4 4. Nf3 c5 5. O-O Nc6 6. e3 Nf6 7. exd4 cxd4 8. Re1
Bd6 9. d3 O-O 10. Bg5 h6 11. Bxf6 Qxf6 12. Nbd2 Qe7 13. a3 a5 14. Nb3 Qf6 15.
Rc1 Rd8 16. Nfd2 Bc7 17. f4 e5 18. fxe5 Nxe5 19. Ne4 Qg6 20. Nf2 h5 21. Nc5 h4
22. Nxb7 hxg3 23. Rxe5 gxf2+ 24. Kxf2 Bxb7 25. Bxb7 Bxe5 26. c5 Rab8 27. c6 Qh6
28. Qf3 0-1

[Event "European Individual Chess Championship "]
[Site "Reykjavik, Iceland"]
[Date "2021.08.26"]
[Round "1.73"]
[White "Quparadze, Giga"]
[Black "Omarsson, Adam"]
[Result "1-0"]
[WhiteElo "2476"]
[BlackElo "1546"]
[PlyCount "71"]
[EventDate "2021.08.26"]

1. e4 d6 2. d4 g6 3. Nc3 Bg7 4. f4 Nf6 5. Nf3 O-O 6. Bd3 c5 7. dxc5 dxc5 8. e5
Nd5 9. Nxd5 Qxd5 10. Qe2 Nc6 11. Be4 Qd7 12. Be3 Nd4 13. Nxd4 cxd4 14. Rd1 Qa4
15. Bxd4 f6 16. Bd5+ Kh8 17. Bb3 Qc6 18. O-O a5 19. c3 b6 20. Rfe1 Ba6 21. Qe4
Qxe4 22. Rxe4 f5 23. Ree1 b5 24. Bc5 Rfe8 25. Bf7 Rf8 26. Bd5 Rae8 27. b4 axb4
28. cxb4 Bh6 29. Bc6 Rc8 30. Bd7 Rxc5 31. bxc5 Bxf4 32. c6 Bg5 33. c7 Kg7 34.
Rd5 Bc8 35. Bxb5 Bb7 36. Rd8 1-0

[Event "European Individual Chess Championship "]
[Site "Reykjavik, Iceland"]
[Date "2021.08.26"]
[Round "1.74"]
[White "Gade, Jens"]
[Black "Kjartansson, Gudmundur"]
[Result "0-1"]
[WhiteElo "1487"]
[BlackElo "2470"]
[PlyCount "66"]
[EventDate "2021.08.26"]

1. d4 Nf6 2. c4 g6 3. Nc3 Bg7 4. Nf3 O-O 5. e3 d6 6. Be2 c6 7. O-O Nbd7 8. Re1
Re8 9. Qc2 e5 10. dxe5 dxe5 11. e4 Qc7 12. Be3 Ng4 13. Bg5 Nc5 14. h3 Nf6 15.
Be3 Ne6 16. Rad1 Bf8 17. a3 a5 18. Rd2 Bc5 19. Bxc5 Nxc5 20. b4 axb4 21. axb4
Ne6 22. Red1 Nf4 23. Bf1 Kg7 24. Kh2 h5 25. Rd6 N4d5 26. R6xd5 cxd5 27. cxd5
Bd7 28. Rc1 Rac8 29. Qb2 Nxe4 30. Ne2 Qd6 31. Rxc8 Bxc8 32. Nf4 Nf6 33. Bb5 Re7
0-1